[Event "HokkaidoCh2018"]
[Site "?"]
[Date "2018.03.24"]
[Round "3.2"]
[White "KIMURA, Ryota"]
[Black "AOKI, Yasuhiro"]
[Result "1/2-1/2"]
[WhiteElo "1625"]
[BlackElo "1620"]
[Annotator "Fritz 15 (30s)"]
[PlyCount "156"]
[SourceDate "2018.03.25"]

{B08: Pirc Defence: Classical System} 1. e4 d6 2. Nf3 Nf6 3. Nc3 g6 4. d4 Bg7
5. Be3 c6 6. h3 b5 {Black has a cramped position} 7. Qd2 $146 (7. Bd3 O-O (7...
Qc7 8. O-O Nbd7 9. a4 b4 10. Ne2 c5 11. c3 c4 12. Bb1 b3 13. Qd2 e5 14. Ng3 O-O
15. Bh6 Re8 16. Bxg7 Kxg7 17. Nh4 Bb7 18. Re1 a5 19. f4 Ng8 20. Rf1 f6 21. Nf3
Rad8 22. d5 {Trikaliotis,G (2280)-Skembris,S (2455) Athens 1991 0-1 (41)}) 8.
O-O a5 (8... Re8 9. e5 dxe5 10. Nxe5 Be6 11. f4 b4 12. Ne4 Nxe4 13. Bxe4 Bd5
14. Bxd5 Qxd5 15. a3 bxa3 16. Rxa3 Nd7 17. Qf3 Nb6 18. b3 Qxf3 19. Nxf3 Nd5 20.
Bd2 Nc7 21. Ra4 Nb5 22. Be3 Red8 23. Rc4 {Del Rio de Angelis,S (2400)-Granda
Zuniga,J (2620) Leon 1997 1/2-1/2}) 9. Qd2 Re8 10. e5 dxe5 11. Nxe5 Nd5 12. f4
Nxe3 13. Qxe3 h6 14. Ne4 f6 15. Nf3 Na6 16. c3 Nc7 17. Qf2 Nd5 18. Nfd2 Ra7 19.
a4 b4 20. c4 f5 21. Ng3 Nxf4 {Vucinic,G (2377)-Petakov,U (2366) Palic 2014 0-1
(63)}) (7. a3 a6 8. Qd2 Nbd7 9. e5 Nd5 10. Nxd5 cxd5 11. Bh6 O-O 12. Bxg7 Kxg7
13. exd6 e6 14. Bd3 Nf6 15. Ne5 Qxd6 16. Ng4 Ng8 17. h4 h6 18. Ne5 Qe7 19. g4
Bd7 20. f4 Rfd8 21. c3 Be8 {Wagner Michel,A (2260)-Lematschko,T (2325) Kuala
Lumpur 1990 0-1 (34)}) (7. Bd3 O-O $14) 7... b4 $11 {Black threatens to win
material: b4xc3} 8. Ne2 (8. Nd1 Nxe4 9. Qxb4 O-O $11) 8... Nxe4 9. Qxb4 Nd7 10.
d5 $2 (10. Qa3 $142 $5 $11 {is the best option White has}) 10... cxd5 $17 11.
Ned4 (11. Qa3 O-O $17) 11... a5 (11... e5 12. Nb5 Ndc5 13. O-O-O $19) 12. Qb5 (
12. Qb3 $5 e6 13. a4 $17) 12... Nec5 $19 13. Nb3 (13. Qe2 Qb6 14. Nb5 O-O $19)
13... Rb8 14. Qxa5 Qxa5+ 15. Nxa5 Bxb2 16. Rd1 Bc3+ 17. Bd2 Bxd2+ 18. Kxd2 Ne4+
19. Ke3 Nc3 (19... Ra8 $5 {keeps an even firmer grip} 20. Nc4 Bb7 21. Rb1 $19)
20. Rd3 Nxa2 21. Rxd5 Nf6 22. Rd4 Bf5 23. Bd3 Bxd3 24. cxd3 O-O 25. Rc4 $4 {
simply worsens the situation} (25. Nc6 Rb6 26. Ra1 Rxc6 27. Rxa2 e5 $17) 25...
Nb4 (25... Nd5+ $142 {and Black wins} 26. Kd2 Rb2+ 27. Rc2 Rxc2+ 28. Kxc2 Ra8
$19) 26. Kd2 Nbd5 27. Rhc1 Rb2+ 28. R1c2 Rxc2+ 29. Kxc2 (29. Rxc2 Nf4 30. Ne1
Ra8 $17) 29... Ra8 $19 30. Ra4 Nh5 (30... Nd7 31. Ne1 $19) 31. g3 $17 Nhf6 32.
Nd4 Nd7 33. Ndc6 Nc5 34. Ra3 Kf8 35. Nc4 Rxa3 36. Nxa3 Ke8 37. Nc4 Kd7 38. Nd4
(38. N4a5 g5 $19) 38... Nb4+ 39. Kd2 Nbxd3 (39... Ncxd3 {might be the shorter
path} 40. Kc3 $19) 40. Nb6+ Kc7 41. Nd5+ Kb7 (41... Kd8 42. Ke3 Ne5 43. Nb5 $19
) 42. Ke3 (42. f4 e5 43. fxe5 Nxe5 $19) 42... e5 43. Nf3 h6 44. h4 (44. Nf6 Nb2
45. Ng8 h5 $19) 44... Kc6 45. Nf6 d5 {[%cal Ye5e4] Black intends e4} 46. Ng4
d4+ 47. Ke2 Kd5 48. Nxh6 e4 49. Ng5 $2 (49. Nxd4 Kxd4 50. Nxf7 $19) 49... f5
50. Nh3 (50. h5 {is not much help} gxh5 51. Nxf5 Ke5 $19) 50... Ne5 (50... Nb2
$142 {and the result of the game is clear: Black will win} 51. Nf4+ Kc4 $19)
51. Nf4+ Kc4 {[%cal Yd4d3] Black prepares d3} (51... Kc6 $142 52. Kd1 Ncd3 $19)
52. Ng8 $4 {the position was bad, and this mistake simply hastens the end} (52.
h5 d3+ 53. Kd1 gxh5 54. Nxf5 $19) 52... d3+ 53. Kd1 Na4 (53... Nf3 54. Ne7 Na4
55. Nxd3 exd3 56. Nc6 Kc3 57. Na5 Nb2+ 58. Kc1 d2+ 59. Kb1 d1=Q+ 60. Ka2 Qa4+
61. Kb1 Nd2+ 62. Kc1 Nd3#) 54. Ng2 (54. Kd2 {does not help much} Nf3+ 55. Ke3
d2 56. Nxg6 d1=Q 57. Kf4 Nc5 58. Ne5+ Nxe5 59. Kxe5 Qd5+ 60. Kf6 Qxg8 61. Kxf5
Kd5 62. Kf4 Nd3+ 63. Kf5 Ne5 64. h5 Qf8+ 65. Kg5 Qg7+ 66. Kf4 Qg4+ 67. Ke3 Nc4#
) 54... Kc3 (54... Nf3 55. Ne3+ Kb3 56. Nc4 Kxc4 57. Nf6 Nc3+ 58. Kc1 Kb3 59.
Nxe4 fxe4 60. g4 d2#) 55. Ne3 (55. Ke1 {doesn't do any good} d2+ 56. Ke2 Nb2
57. Ne3 Nec4 58. Nd5+ Kc2 59. Ne3+ Nxe3 60. Kxe3 d1=Q 61. Kf4 Qd8 62. Ke5 Nd3+
63. Ke6 Qxg8+ 64. Kd6 Qf7 65. g4 Qf6+ 66. Kc7 Ne5 67. Kb7 Qc6+ 68. Ka7 Nc4 69.
h5 Na5 70. hxg6 Qb7#) 55... Nb2+ 56. Ke1 Nf3+ (56... d2+ 57. Ke2 Nec4 58. f3
Nxe3 59. Kxe3 d1=Q 60. Kf4 Qd8 61. Ke5 e3 62. Ke6 Qxg8+ 63. Ke7 e2 64. Kf6 e1=Q
65. g4 Qee6+ 66. Kg5 Qe7+ 67. Kf4 Qb8#) 57. Kf1 Kd2 (57... Nc4 $142 {and the
rest is a matter of technique} 58. Nxc4 Kxc4 59. Ne7 $19) 58. Ne7 (58. Nf6 {
is not the saving move} Nd1 59. Nc4+ Kc2 $19) 58... Nh2+ 59. Kg2 (59. Kg1 {
is no salvation} Nd1 60. Nc4+ Kc3 $19) 59... Ng4 60. Nf1+ Ke2 61. Nxg6 d2 62.
Nxd2 Kxd2 63. Ne7 Nh6 64. Nd5 (64. Nc6 {there is nothing else anyway} Nd1 65.
Nd4 $19) 64... Nd3 65. Ne3 (65. h5 {does not improve anything} Ke2 66. Nc3+ Ke1
$19) 65... Nxf2 $1 {Deflection: e3} 66. Nd5 (66. Kxf2 Ng4+ {Deflection}) 66...
Nfg4 67. Nf4 (67. Kf1 {doesn't get the cat off the tree} Ne3+ 68. Nxe3 Kxe3 69.
Kg2 Kd3 70. g4 e3 71. Kg3 Nxg4 72. Kf3 e2 73. Kf4 e1=Q 74. Kg5 Qe5 75. h5 Qd6
76. Kxf5 Nh6+ 77. Kg5 Qe6 78. Kf4 Qe3#) 67... e3 68. Kf1 Nh2+ 69. Kg2 e2 (69...
N6g4 70. h5 e2 71. Nxe2 Kxe2 72. h6 Nxh6 73. Kxh2 Kf2 74. Kh3 Kf3 75. Kh4 Kg2
76. g4 fxg4 77. Kh5 g3 78. Kxh6 Kf3 79. Kg7 g2 80. Kg6 g1=Q+ 81. Kf7 Kf4 82.
Kf6 Qe3 83. Kg7 Qe7+ 84. Kg8 Kf5 85. Kh8 Kg6 86. Kg8 Qg7#) 70. Nxe2 Kxe2 71.
Kxh2 Kf2 72. Kh3 Kf3 73. h5 Ke4 (73... Nf7 74. Kh4 Ke4 75. Kh3 Ng5+ 76. Kg2 Ke5
77. Kf2 Kf6 78. h6 Kg6 79. Kg2 Kxh6 80. Kf2 Kg7 81. Kg1 Kf6 82. Kf2 Ne6 83. Kf1
Kg5 84. Kg2 Ng7 85. Kf3 Nh5 86. Ke2 Kg4 87. Kf2 Nxg3 88. Ke3 f4+ 89. Kf2 f3 90.
Ke3 Nf5+ 91. Kf2 Kf4 92. Kf1 Ke3 93. Ke1 f2+ 94. Kf1 Ng3+ 95. Kg2 f1=Q+ 96.
Kxg3 Qg1+ 97. Kh3 Kf3 98. Kh4 Qg4#) 74. Kh4 Nf7 75. Kh3 Ng5+ 76. Kh4 (76. Kh2 {
does not solve anything} Kf3 77. Kg1 Kxg3 78. h6 f4 79. Kf1 f3 80. Ke1 f2+ 81.
Ke2 Kg2 82. Ke3 f1=Q 83. Kd4 Qb5 84. h7 Nxh7 85. Kc3 Ng5 86. Kc2 Qb4 87. Kd3
Kf2 88. Kc2 Ke2 89. Kc1 Kd3 90. Kd1 Qd2#) 76... Nf3+ $19 77. Kh3 Ng5+ {Twofold
repetition} (77... Ke5 78. Kg2 Ng5 79. h6 Kf6 80. Kf2 Kg6 81. Ke3 Kxh6 82. Kf2
Nh7 83. Ke1 Nf6 84. Kd2 Kg6 85. g4 f4 86. Kd3 Kg5 87. Ke2 Kxg4 88. Kf2 f3 89.
Ke3 Kg3 90. Kd3 f2 91. Ke2 Ng4 92. Kd3 f1=Q+ 93. Kc3 Qb5 94. Kd4 Kf4 95. Kc3
Ke3 96. Kc2 Qb4 97. Kc1 Kd3 98. Kd1 Qb1#) 78. Kh4 $11 Nf3+ 1/2-1/2

[Event "HokkaidoCh2018"]
[Site "?"]
[Date "2018.03.24"]
[Round "3.3"]
[White "YOSHII, Yukihiko"]
[Black "SONOMOTO, Shingi"]
[Result "1-0"]
[WhiteElo "1783"]
[BlackElo "1740"]
[Annotator "Fritz 15 (30s)"]
[PlyCount "97"]
[SourceDate "2018.03.25"]

{A42: Modern Defence: Averbakh Variation} 1. c4 g6 2. d4 Bg7 3. Nc3 d6 4. e4
Nc6 5. Be3 e5 6. Nf3 Bg4 7. dxe5 (7. d5 Nd4 8. Nb5 Nxf3+ 9. gxf3 Bd7 10. c5 a6
11. Na3 Nf6 12. cxd6 cxd6 13. Nc4 Bb5 14. Nb6 Rb8 15. Bxb5+ axb5 16. Qb3 O-O
17. Qxb5 Nh5 18. Nd7 Qe8 19. a4 Ra8 20. Rc1 Ra5 21. Qxb7 Qe7 {Ghaem Maghami,E 
(2582)-Onischuk,V (2594) Dubai 2014 1/2-1/2 (46)}) 7... Nxe5 $146 (7... Bxf3 8.
Qxf3 dxe5 9. Qd1 Nd4 10. Qa4+ c6 11. O-O-O Nf6 12. c5 Qe7 13. Bxd4 exd4 14.
Qxd4 O-O 15. Qd6 Qxd6 16. Rxd6 Ng4 17. Be2 Nxf2 18. Rf1 Bxc3 19. Rxf2 Bb4 20.
Rd7 Bxc5 21. Rf3 Rae8 22. Bc4 {Fedoseev,V (2237)-Serov,M (2265) Peterhof 2007
1/2-1/2 (49)}) 8. Be2 Nxf3+ 9. Bxf3 (9. gxf3 Bd7 $14) 9... Bxf3 $11 {Black
forks: d1+g2} 10. Qxf3 c6 {Covers b5+d5} (10... Bxc3+ 11. bxc3 Qf6 12. Bf4 $11)
11. Bf4 Be5 12. Rd1 Qe7 13. O-O {White castles and improves king safety} Nf6
14. Rfe1 {Black has a cramped position} O-O 15. Bg5 Kg7 $2 (15... Rfe8 16. Qd3
h6 17. Bh4 $11) 16. h3 {White has an active position} (16. Qh3 $142 Qe6 17.
Bh6+ Kg8 18. Qxe6 fxe6 19. Bxf8 Kxf8 20. Re3 $16) 16... h6 $11 {Black
threatens to win material: h6xg5} 17. Bd2 Nh7 (17... g5 $5 $11 {is an
interesting idea}) 18. Qe3 $16 g5 19. Qd3 (19. Ne2 Nf6 20. Nd4 Kg6 $16) 19...
Qe6 (19... Nf6 20. Ne2 $16) 20. b3 (20. Ne2 Nf6 $16) 20... f5 $14 21. f3 f4 {
Black gains space} 22. Ne2 h5 {[%cal Yg5g4] Black prepares the advance g4} (
22... Qf6 23. Bc3 $14) 23. Nd4 $16 Qg6 $2 (23... Qf6 $142 $5 24. Nf5+ Kg6 $16)
24. Nf5+ $18 Kh8 25. Bc3 (25. Bb4 c5 26. Bc3 Qf6 27. Bxe5 dxe5 $18) 25... g4 $2
(25... Qf6 26. Bxe5 dxe5 27. Qc3 $18) 26. Bxe5+ (26. Nxd6 $142 $5 {makes it
even easier for White} Qf6 27. Bxe5 Qxe5 28. hxg4 hxg4 29. fxg4 Ng5 $18) 26...
dxe5 27. Qd6 {White threatens to win material: Qd6xg6. White forks: e5+g6} (27.
hxg4 $142 hxg4 28. Kf2 gxf3 29. Qxf3 $18) 27... Qe8 $4 (27... Rf6 $142 28. Qxe5
gxf3 $16) 28. hxg4 $18 hxg4 29. Qh6 (29. fxg4 {and White can already relax} Rf6
30. Qd7 Qxd7 31. Rxd7 Raf8 32. Rxb7 R6f7 $18) 29... Rg8 $2 (29... Qf7 30. Rd6
Rfd8 31. Red1 Rxd6 32. Qxd6 $18) 30. fxg4 Rxg4 (30... Qf8 31. Qh5 Qe8 32. Qh4
$18) 31. Kf2 Rg6 (31... Qg6 32. Qxg6 Rxg6 33. Rh1 $18) 32. Qh3 (32. Qh4 $142 {
might be the shorter path} Qf7 33. Rh1 $18) 32... Kg8 (32... Qf7 $18) 33. Rh1
Ng5 (33... Qf7 {cannot change destiny} 34. Nh6+ Rxh6 35. Qxh6 $18) 34. Qh8+ Kf7
35. Rh7+ $1 {Double attack: b7/f7} Nxh7 36. Qxh7+ Kf8 37. Rd7 Qe6 (37... Qxd7 {
doesn't get the bull off the ice} 38. Qxd7 Re8 39. Qh7 $18) 38. Rd6 (38. Rg7
Rxg7 39. Qxg7+ Ke8 40. Qxb7 Qd7 41. Qxa8+ Kf7 $18) 38... Qxd6 (38... Rxg2+ {
otherwise it's curtains at once} 39. Kxg2 Qg8+ 40. Qxg8+ Kxg8 $18) 39. Nxd6
Rxd6 40. Qh8+ Kf7 41. Qxa8 Rd2+ (41... Rd7 {doesn't improve anything} 42. Qb8
Re7 43. Qxa7 $18) 42. Kf3 Rd3+ (42... Rd7 {doesn't change the outcome of the
game} 43. Kg4 Ke6 44. Qg8+ Kd6 45. Kf5 $18) 43. Kg4 Rd7 (43... Ke6 {a
fruitless try to alter the course of the game} 44. Qe8+ Kf6 45. Qf8+ Ke6 46.
Qf5+ Kd6 47. Qf6+ Kc5 48. Qxe5+ Kb6 49. Qxf4 $18) 44. Kf5 Re7 45. Qh8 a6 46.
Qh5+ Kf8 47. Kf6 Rg7 48. Qh8+ (48. Qh6 Ke8 49. Qxg7 Kd8 50. Qxb7 a5 51. Ke6 Ke8
52. Qe7#) 48... Rg8 $18 49. Qxg8+ (49. Qxg8+ Kxg8 50. c5 $18) (49. Qh7 Rg6+ 50.
Qxg6 a5 51. Qf7#) 1-0

[Event "HokkaidoCh2018"]
[Site "?"]
[Date "2018.03.24"]
[Round "3.4"]
[White "MANABE, Hiroaki"]
[Black "KOBAYASHI, Katsuhiko"]
[Result "1-0"]
[WhiteElo "1723"]
[BlackElo "1494"]
[Annotator "Fritz 15 (30s)"]
[PlyCount "105"]
[SourceDate "2018.03.25"]

{C23: Bishop's Opening: 2...Bc5} 1. e4 e5 2. Bc4 Bc5 3. Nf3 d6 (3... Qf6 4. c3
Nc6 5. d4 Bb6 6. d5 Nce7 7. Qe2 h6 8. Be3 g5 9. Na3 Ng6 10. g3 d6 11. Nd2 c6
12. O-O-O N8e7 13. Bb3 c5 14. Ba4+ Kd8 15. Ndc4 Bh3 16. f3 Nc8 17. Qf2 Bc7 18.
Bxc5 {Guerra,A (2225)-Klaric,Z (2426) Mestre 2011 0-1 (31)}) 4. d4 (4. c3 Qe7
5. O-O Nf6 6. Re1 c6 7. d3 Bb6 8. Nbd2 Be6 9. a4 Nbd7 10. a5 Bc7 11. d4 Bxc4
12. Nxc4 O-O 13. dxe5 dxe5 14. b3 Nc5 15. Ba3 b5 16. axb6 axb6 17. Qc2 b5 18.
Ncd2 Bd6 {Atlas,V (2467)-Schroll,G (2417) Austria 2003 1-0 (59)}) 4... exd4 5.
Nxd4 Nf6 6. O-O $146 (6. Nc3 O-O 7. O-O h6 8. Kh1 Re8 9. f3 c6 10. a4 a5 11.
Nb3 Bb6 12. Bf4 Bc7 13. g4 Be6 14. Qd3 Na6 15. Bxa6 Rxa6 16. Nd4 Nd7 17. Nf5
Ne5 18. Qd4 Qf6 19. Bg3 {1/2-1/2 (19) Singh,G (2341)-Singh,R (2259) Singapore
2004}) 6... Bxd4 7. Qxd4 Nc6 {Black threatens to win material: Nc6xd4} 8. Bb5
a6 (8... O-O 9. Bxc6 bxc6 10. f3 $11) 9. Bxc6+ $14 bxc6 {Opposite coloured
bishops appeared} 10. Bg5 (10. e5 dxe5 11. Qxe5+ Qe7 $16) 10... c5 {Black
threatens to win material: c5xd4} 11. Qe3 O-O 12. Nc3 Bb7 13. Rad1 Re8 {
[%cal Rb7e4,Re8e4,Rf6e4,Gc3e4,Ge3e4] e4 becomes the focus of attention} 14. Qf4
h6 15. Bxf6 Qxf6 16. Qxf6 gxf6 17. f3 Kh7 18. Nd5 Bxd5 19. Rxd5 {A double rook
endgame occured} Rg8 20. Kf2 Rg5 21. Rfd1 Rag8 22. g4 h5 (22... Rb8 23. b3 $14)
23. h3 h4 (23... hxg4 24. hxg4 Rb8 25. b3 $16) 24. f4 Rxd5 25. Rxd5 Rg6 $4 {
cause more grief} (25... Re8 $142 26. Rh5+ Kg7 $16) 26. Rh5+ $18 Rh6 (26... Kg7
$18 {the only chance to get some counterplay}) 27. Rxh6+ Kxh6 28. Ke3 (28. Ke2
$142 {keeps an even firmer grip} Kg7 29. Kd3 f5 30. gxf5 Kf6 $18) 28... c6 (
28... Kg6 {a last effort to resist the inevitable} 29. Kd3 Kg7 $18) 29. c4 Kg7
30. Kd3 Kf8 (30... a5 {does not save the day} 31. Kc3 a4 32. b3 $18) 31. Kc3
Ke7 32. b4 Kd7 33. a4 Kc7 (33... cxb4+ {is still a small chance} 34. Kxb4 Kc7
$18) 34. bxc5 dxc5 35. a5 Kd7 36. Kd3 Ke6 37. Ke3 Kd7 38. f5 Kd6 39. Kf4 Ke7 (
39... Kd7 {does not win a prize} 40. g5 fxg5+ 41. Kxg5 Ke7 42. e5 f6+ 43. Kg6
fxe5 44. Kg7 Kd7 45. f6 e4 46. f7 Ke6 47. f8=Q e3 48. Qf4 e2 49. Qe3+ Kd7 50.
Qxe2 Kd8 51. Kf6 Kc7 52. Qe7+ Kb8 53. Ke6 Ka8 54. Kd6 Kb8 55. Kxc6 Kc8 56. Qf8#
) 40. g5 fxg5+ 41. Kxg5 Kd6 (41... Ke8 {doesn't change the outcome of the game}
42. Kh6 Kf8 43. e5 Ke8 44. Kh7 Kd7 45. Kg8 Ke8 46. f6 Kd8 47. Kf8 Kc8 48. Kxf7
Kd7 49. Kg7 Ke6 50. f7 Kxe5 51. f8=Q Kd4 52. Qf6+ Kxc4 53. Qxc6 Kd3 54. Qxa6+
c4 55. Qb5 Kd2 56. Qxc4 Ke3 57. a6 Kf2 58. a7 Kg2 59. a8=Q+ Kf2 60. Qxh4+ Kg1
61. Qf3 Kh2 62. Qhg3#) 42. Kf6 Kd7 (42... Kc7 {hardly improves anything} 43. e5
Kb8 44. Kxf7 Kc7 45. Kf6 Kd7 46. e6+ Kc7 47. e7 Kd7 48. Kf7 Kd6 49. e8=Q Kc7
50. Qe7+ Kb8 51. f6 Ka8 52. Ke6 Kb8 53. f7 Ka8 54. f8=Q#) 43. Kxf7 Kd6 44. Kf6
Kd7 45. e5 Ke8 (45... Kd8 {cannot change what is in store for White} 46. e6 Kc8
47. Kg7 Kd8 48. f6 Ke8 49. e7 Kd7 50. Kf7 Kc7 51. e8=Q Kb7 52. Kg7 Ka7 53. f7
Kb7 54. f8=Q Ka7 55. Qfe7#) 46. Kg7 (46. e6 Kd8 47. Kf7 Kc7 48. e7 Kb8 49.
e8=Q+ Kb7 50. Ke7 Kc7 51. Qd7+ Kb8 52. f6 Ka8 53. f7 Kb8 54. f8=Q#) 46... Ke7
47. f6+ (47. e6 Kd6 48. Kf6 Kc7 49. e7 Kd7 50. Kf7 Kc7 51. e8=Q Kb7 52. Qd7+
Ka8 53. Ke7 Kb8 54. f6 Ka8 55. f7 Kb8 56. f8=Q#) 47... Ke6 (47... Kd7 {is not
much help} 48. f7 Ke6 49. f8=Q Kxe5 50. Qf6+ Ke4 51. Qd6 Kf5 52. Qd3+ Ke6 53.
Kg6 Ke5 54. Kf7 Kf4 55. Ke6 Kg5 56. Qe4 Kh5 57. Kf6 Kh6 58. Qg6#) 48. f7 Kxe5 (
48... Kf5 {is not the saving move} 49. f8=Q+ Kxe5 50. Qe8+ Kf4 51. Kf6 Kg3 52.
Qe3+ Kg2 53. Kg5 Kf1 54. Kg4 Kg2 55. Qd2+ Kf1 56. Kf3 Kg1 57. Qg2#) 49. f8=Q
Kd4 (49... Ke4 {doesn't get the bull off the ice} 50. Qd6 Kf5 51. Qd3+ Kf4 52.
Kf8 Ke5 53. Kf7 Kf4 54. Ke6 Kg5 55. Qe4 Kh6 56. Kf6 Kh5 57. Qg6#) 50. Qf1 Kc3 (
50... Ke5 {cannot change destiny} 51. Kf7 Ke4 52. Qd1 Ke3 53. Ke6 Ke4 54. Kf6
Ke3 55. Ke5 Kf2 56. Kf4 Kg2 57. Qe1 Kh2 58. Kf3 Kxh3 59. Qh1#) 51. Kf6 Kb4 52.
Ke5 Kxa5 (52... Kb3 {doesn't get the cat off the tree} 53. Qd3+ Ka2 54. Qc2+
Ka1 55. Qh2 Kb1 56. Ke4 Ka1 57. Kd3 Kb1 58. Kc3 Kc1 59. Qc2#) 53. Qb1 (53. Qb1
Ka4 54. Kd6 a5 55. Kxc5 Ka3 56. Kd4 c5+ 57. Kc3 a4 58. Qb2#) (53. Qe1+ Ka4 54.
Qb1 a5 55. Ke4 Ka3 56. Kd3 Ka4 57. Kc3 Ka3 58. Qa1#) 1-0

[Event "HokkaidoCh2018"]
[Site "?"]
[Date "2018.03.24"]
[Round "3.5"]
[White "HAKAMADA, Eiji"]
[Black "WATANABE, Katsumi"]
[Result "1-0"]
[WhiteElo "1510"]
[BlackElo "1657"]
[Annotator "Fritz 15 (30s)"]
[PlyCount "155"]
[SourceDate "2018.03.25"]

{D07: Queen's Gambit: Chigorin Defence} 1. Nf3 Nc6 2. c4 Nf6 3. d4 d5 (3... e5
4. d5 e4 5. dxc6 exf3 6. cxd7+ Bxd7 7. gxf3 Bd6 8. Nc3 Qe7 9. e3 O-O-O 10. Qc2
Bc6 11. Be2 Ng4 12. Nd5 Bxd5 13. cxd5 Nf6 14. e4 Nh5 15. Be3 Bb4+ 16. Kf1 Kb8
17. Rc1 Bd6 18. Qa4 {Nyback,T (2587)-Nepomniachtchi,I (2520) playchess.com INT
2006 1-0 (37)}) 4. cxd5 Qxd5 5. Nc3 Qd8 $146 (5... Qa5 6. e3 (6. Bd2 Bg4 7. e4
Qh5 8. d5 Ne5 9. Be2 Bxf3 10. gxf3 Qh3 11. Bf4 Nfd7 12. Nb5 Kd8 13. Qc2 Rc8 14.
O-O-O g5 15. Bg3 a6 16. Na7 Ra8 17. Nc6+ bxc6 18. dxc6 Bg7 19. Bxe5 Bxe5 20.
Rxd7+ Ke8 {Laurusas,T (2418)-Vedrickas,T (2330) Vilnius 2014 1-0 (40)}) 6... e5
(6... a6 7. Bd2 Qh5 8. Be2 Bg4 9. h3 O-O-O 10. Rg1 Bxf3 11. Bxf3 Qf5 12. g4 Qe6
13. g5 Nxd4 14. gxf6 exf6 15. Bd5 Qe8 16. Qg4+ Ne6 17. O-O-O Kb8 18. Qe4 c6 19.
Bc4 Ng5 20. Qxe8 Rxe8 21. Rg3 {Jumabayev,R (2544)-Annaberdiyev,B (2244)
Tashkent 2009 1-0 (32)}) (6... Bg4 7. Bb5 Ne4 8. Qa4 Qxa4 9. Bxa4 Nxc3 10. bxc3
Bd7 11. Rb1 b6 12. e4 e6 13. Bb5 Bd6 14. e5 Be7 15. O-O O-O 16. Bg5 Bxg5 17.
Nxg5 Rfd8 18. f4 Ne7 19. Bd3 h6 20. Ne4 Bc6 21. Ng3 {Ramesa,D (2308)-Cucancic,
S (2232) Rijeka 2007 0-1 (57)}) 7. Bb5 Bg4 8. dxe5 Nd7 9. Qd5 Bb4 10. Bd2 O-O-O
11. Bxc6 Nc5 12. Bxb7+ Kb8 13. Qc4 Nd3+ 14. Kf1 Be6 15. Bd5 Bxd5 16. Nxd5 Bxd2
17. Qxd3 Rxd5 18. Nd4 Ka8 19. Ke2 c5 20. Nc6 {Frade Marques,H (2250)-Chanoine,
G (2179) Paris 2003 1-0}) 6. d5 {White threatens to win material: d5xc6} Nb8 7.
e4 c6 {Secures b5} 8. Be2 e6 9. dxe6 (9. d6 e5 10. Nxe5 Bxd6 $16) 9... Qxd1+
$14 10. Bxd1 Bxe6 {White has an active position} 11. Ng5 Bc4 {Black traps the
enemy king in the center} 12. f3 {Covers g4} h6 {Black threatens to win
material: h6xg5} 13. Nh3 Bb4 14. Bd2 Nbd7 15. a3 Bc5 16. Rc1 O-O (16... Bd4
$142 $5 $11 {might be a viable alternative}) 17. Na4 $16 b5 18. Nxc5 Nxc5 19.
Be2 {White threatens to win material: Be2xc4} (19. Nf2 $5 Rfc8 20. Be3 $16)
19... Nb3 $14 {Black threatens to win material: Nb3xc1} 20. Rc3 Rad8 (20...
Nxd2 $5 21. Kxd2 Rfd8+ 22. Ke1 Rd4 $11) 21. Be3 $16 Bxe2 22. Kxe2 Na5 23. Bxa7
Rd7 24. Be3 Nc4 25. b3 Nxe3 26. Kxe3 Rfd8 27. Nf4 g5 28. Nd3 Rd6 (28... Re8 29.
Rxc6 Nd5+ 30. Kf2 $18) 29. Nb4 Re8 $2 (29... Nh5 30. Nxc6 Re8 $18) 30. Ke2 (30.
Rxc6 $142 $5 {keeps an even firmer grip} Rxc6 31. Nxc6 Nd5+ 32. Kd4 Ne7 $18)
30... Nh5 $2 (30... Nd5 $142 31. Nxd5 cxd5 $16) 31. g3 $18 g4 (31... f5 32.
Rxc6 Rxc6 33. Nxc6 fxe4 34. fxe4 Rxe4+ 35. Kd3 $18) 32. Rxc6 gxf3+ 33. Kxf3
Rxc6 34. Nxc6 Nf6 35. e5 Re6 (35... Nd7 36. Kf4 Nc5 $18) 36. Rc1 Nd7 37. Kf4
Nb6 (37... Re8 {cannot change destiny} 38. a4 bxa4 39. bxa4 $18) 38. Nd8 (38.
Nd4 {makes it even easier for White} Re8 39. Rc5 b4 40. axb4 h5 $18) 38... Re8
(38... Nd5+ {doesn't do any good} 39. Ke4 Re8 40. Nc6 Nf6+ 41. Kf5 $18) 39. Rd1
Kg7 40. Rd6 Nc8 41. Rd7 Ne7 (41... Nb6 {doesn't do any good} 42. Rd3 $18) 42.
Kg4 (42. e6 {seems even better} Kf6 43. exf7 Ng6+ 44. Kg4 h5+ 45. Kh3 Rh8 $18)
42... Kg6 (42... Rg8 {is no salvation} 43. Kh3 $18) 43. h4 f5+ (43... h5+ {
does not solve anything} 44. Kf4 $18) 44. exf6 (44. Kf4 $142 {ends the debate}
h5 $18) 44... Kxf6 45. Rd6+ Kg7 46. h5 Kh7 (46... Nc8 {does not help much} 47.
Rg6+ Kh7 48. Ne6 $18) 47. Re6 (47. Rd7 $142 {and White has it in the bag} Kg8
48. a4 bxa4 49. bxa4 $18) 47... Rg8+ 48. Kh3 (48. Kf3 $5 {might be the shorter
path} Rf8+ 49. Kg2 Nd5 $18) 48... Nf5 49. g4 Ng7 $2 (49... Rxd8 50. gxf5 Rd3+
51. Kg4 Rxb3 $18) 50. Rd6 Re8 51. Nf7 Re3+ 52. Kh4 Rxb3 (52... Ne6 {doesn't
change anything anymore} 53. Rd7 Re1 54. Nd6+ Kh8 55. Nf5 $18) 53. Ra6 (53.
Rxh6+ $142 {and White can already relax} Kg8 54. Nd6 Rxa3 $18) 53... b4 (53...
Rb1 {there is nothing better in the position} 54. Rxh6+ Kg8 $18) 54. axb4 Rxb4
(54... Nxh5 {does not improve anything} 55. gxh5 Rxb4+ 56. Kg3 Rb3+ 57. Kf4 $18
) 55. Nxh6 (55. Rxh6+ $142 {and the rest is a matter of technique} Kg8 56. Nd6
$18) 55... Re4 56. Rf6 Ne8 (56... Ne6 {cannot undo what has already been done}
57. Nf5 Re1 58. Rf7+ Kh8 59. Re7 $18) 57. Rg6 Ng7 58. Kg3 (58. Kg5 $142 {
makes it even easier for White} Re5+ 59. Nf5 Nxf5 60. gxf5 Rb5 $18) 58... Rd4
$4 {sad, but how else could Black save the game?} (58... Re5 $142 59. Kf3 Nxh5
$16) 59. Rf6 (59. Rxg7+ $142 {might be the shorter path} Kxh6 60. Rg6+ Kh7 $18)
59... Ne8 60. Re6 Ng7 61. Ra6 Re4 (61... Rd7 {a fruitless try to alter the
course of the game} 62. Rf6 Re7 63. Nf5 Nxf5+ 64. Rxf5 $18) 62. Kf3 (62. Nf7
$142 {finishes off the opponent} Re3+ 63. Kf4 $18) 62... Re1 63. Kf2 (63. Kf4
$142 {and White can already relax} Ne6+ 64. Kf5 Nd4+ 65. Kg5 Nf3+ 66. Kf4 $18)
63... Re4 $4 {but even a better move would not have saved the game} (63... Rh1
$18) 64. Kf3 (64. Kg3 $142 {and the result of the game is clear: White will win
} Re3+ 65. Kf4 Re1 $18) 64... Re1 65. Kf2 {Twofold repetition} Re5 $4 {gives
away a clear win} (65... Re4 66. Kg3 Re7 67. Kf4 $18) 66. Kg3 (66. Nf7 {
seems even better} Rb5 67. h6 Nh5 $18) 66... Re3+ $4 {throws away a nice
position} (66... Re4 67. Nf7 Re3+ 68. Kf4 Re8 69. Ng5+ Kh8 70. Rf6 Kg8 71. h6
Kh8 72. Kg3 Re3+ 73. Kh4 Re8 74. Rg6 Re7 75. hxg7+ Rxg7 76. Rxg7 Kxg7 77. Nf3
Kf7 78. g5 Ke6 79. Kg4 Ke7 80. Kf5 Kd6 81. g6 Kc7 82. g7 Kc6 83. g8=Q Kb6 84.
Ke5 Ka7 85. Qb3 Ka8 86. Kd6 Ka7 87. Kc6 Ka8 88. Qb7#) 67. Kf4 $18 Re1 68. Kg5
Re5+ (68... Ne6+ {doesn't improve anything} 69. Kf6 Nc7 70. Rc6 Nd5+ 71. Kf7
Re7+ 72. Kf8 $18) 69. Kf6 Rb5 70. Kf7 (70. Nf7 $142 {it becomes clear that
White will call all the shots} Rb4 71. Kg5 $18) 70... Rb7+ $16 71. Kf8 Rb8+ 72.
Ke7 Rb7+ 73. Kd8 Rb8+ 74. Kc7 Re8 75. Kd7 Re4 76. Rg6 Ne8 $4 {terrible, but
the game is lost in any case} (76... Nxh5 77. gxh5 Rh4 78. Nf5 Rxh5 79. Rf6 $16
) 77. Nf7 (77. Ng8 Kh8 78. g5 Re5 79. Ne7 Rxe7+ 80. Kxe7 Ng7 81. Kf7 Nf5 82.
Rf6 Kh7 83. Rxf5 Kh8 84. Rf6 Kh7 85. Rh6#) 77... Ng7 $4 {causes further
problems for White} (77... Rxg4 $142 78. Ng5+ Rxg5 79. Rxg5 Kh6 $16) 78. Ng5+ (
78. Ng5+ Kg8 79. Nxe4 Kf7 80. Ng5+ Kf8 81. Rf6+ Kg8 82. h6 Ne8 83. Kxe8 Kh8 84.
Rf8#) 1-0